| 000 | 00919cam a22002891 4500 | ||
|---|---|---|---|
| 001 | sa 67002624 | ||
| 003 | DLC | ||
| 005 | 20260227112332.0 | ||
| 008 | 861105s1966 ii b 000 0 eng | ||
| 010 | _asa 67002624 | ||
| 025 | _aPL480:I-E-7724 | ||
| 035 | _a(OCoLC)14637602 | ||
| 040 |
_aDLC _cWaU _dDLC |
||
| 042 | _apremarc | ||
| 043 | _aa-ii--- | ||
| 050 | 0 | 0 |
_aHC435 _b.C473 |
| 082 | _a330.954 | ||
| 100 | 1 | _aChakrabarti, Sudhindra Chandra. | |
| 245 | 1 | 0 |
_aEconomic development of India, _cby Sudhindra Chandra Charkrabarti, Kunja Bihari Kundu [and] Madan Mohan Patra. |
| 250 | _a1st ed. | ||
| 260 |
_aCalcutta, _bNababharat Publishers, _c[1966] |
||
| 300 |
_axv, 313 p. _c22 cm. |
||
| 504 | _aBibliographical footnotes; "suggested reading" : p. [312]-313. | ||
| 651 | 0 |
_aIndia _xEconomic conditions. |
|
| 700 | 1 |
_aKundu, Kunja Bihari, _ejoint author. |
|
| 700 | 1 |
_aPatra, Madan Mohan, _ejoint author. |
|
| 999 |
_c73333 _d73333 |
||